| 000 | 01009nam0a22002651 4500 | ||
|---|---|---|---|
| 001 | rc\2987442 | ||
| 005 | 20250530042306.0 | ||
| 035 | _a(NLR Aleph) 007215429 | ||
| 090 |
_a7681361 _c7681361 |
||
| 100 | _a20110913d1938 |||y0rusy50 ca | ||
| 101 | 0 | _arus | |
| 102 | _aRU | ||
| 105 | _aa z ||||| | ||
| 200 | 1 |
_aП.А. Федотов _e[Рус. художник. 1815-1852. Очерк жизни и творчества] |
|
| 210 |
_aЛенинград _aМосква _cИскусство _d1938 _eЛенинград _g2 тип. изд-ва ЛО и С |
||
| 215 |
_a37 с. текста, 12 л. ил. _cил. _d18 см |
||
| 320 | _a"Лит-ра о П.А. Федотове" (с. 37) | ||
| 600 | 1 |
_aФедотов _bП.А. _f1815-1852 _gПавел Андреевич |
|
| 700 | 1 |
_aФомичева _bЗ.И. _f1910- _gЗинаида Ивановна _9219045 _3RU\NLR\AUTH\770219101 |
|
| 801 | 0 |
_aRU _bNLR _gpsbo |
|
| 801 | 1 |
_aRU _bELAR _2rusmarc |
|
| 852 |
_aNLR _j38-9/908 |
||
| 942 | _cBOOK | ||
| 980 | _aNB | ||